Catálogo

LA GESTION EN LOS SISTEMAS DE CONTROL DE CALIDAD (Registro nro. 37290)

Detalles MARC
000 -LEADER
fixed length control field 00492nam a2200169 a 4500
001 - CONTROL NUMBER
control field 37290
005 - DATE AND TIME OF LATEST TRANSACTION
control field 20180714010155.0
008 - FIXED-LENGTH DATA ELEMENTS--GENERAL INFORMATION
fixed length control field 140415s1989 000 0 spa d
020 ## - INTERNATIONAL STANDARD BOOK NUMBER
International Standard Book Number 9682608163
041 ## - LANGUAGE CODE
Language code of text/sound track or separate title spa
082 ## - DEWEY DECIMAL CLASSIFICATION NUMBER
Classification number 658.562
Item number MAR
100 1# - MAIN ENTRY--PERSONAL NAME
Personal name MARROQUIN SUAREZ, PEDRO
245 13 - TITLE STATEMENT
Title LA GESTION EN LOS SISTEMAS DE CONTROL DE CALIDAD
260 ## - PUBLICATION, DISTRIBUTION, ETC.
Place of publication, distribution, etc. [s.l.] :
Name of publisher, distributor, etc. COMPAÑIA EDITORIAL CONTINENTAL,
Date of publication, distribution, etc. 1989
300 ## - PHYSICAL DESCRIPTION
Extent 126
650 14 - SUBJECT ADDED ENTRY--TOPICAL TERM
Topical term or geographic name entry element CALIDAD TOTAL
General subdivision CONTROL DE CALIDAD
Existencias
Withdrawn status Lost status Source of classification or shelving scheme Damaged status Not for loan Collection code Home library Current library Shelving location Date acquired Source of acquisition Inventory number Total Checkouts Full call number Barcode Date last seen Date last checked out Price effective from Koha item type
    Dewey Decimal Classification     General Biblioteca Karol Wojtyla Biblioteca Karol Wojtyla Sala general 03/12/2013 Compra 151000000000000000026145 1 658.562 MAR 56094 05/01/2026 29/04/2019 03/12/2013 Libro